<?xml version="1.0" encoding="UTF-8"?>
<collection xmlns="http://www.loc.gov/MARC21/slim">
 <record>
  <leader>00802nam a2200217 i 4500</leader>
  <controlfield tag="001">acta38744</controlfield>
  <controlfield tag="005">20230508144541.0</controlfield>
  <controlfield tag="008">161201s1987    hu      o     0||   eng d</controlfield>
  <datafield tag="022" ind1=" " ind2=" ">
   <subfield code="a">0133-4239</subfield>
  </datafield>
  <datafield tag="040" ind1=" " ind2=" ">
   <subfield code="a">SZTE Egyetemi Kiadványok Repozitórium</subfield>
   <subfield code="b">hun</subfield>
  </datafield>
  <datafield tag="041" ind1=" " ind2=" ">
   <subfield code="a">eng</subfield>
  </datafield>
  <datafield tag="041" ind1=" " ind2=" ">
   <subfield code="a">ger</subfield>
  </datafield>
  <datafield tag="245" ind1="0" ind2="0">
   <subfield code="a">Papers on derivation in Uralic </subfield>
   <subfield code="h">[elektronikus dokumentum] :</subfield>
   <subfield code="b">Szegeder und Turkuer Beiträge zur uralischen Derivation</subfield>
  </datafield>
  <datafield tag="260" ind1=" " ind2=" ">
   <subfield code="a">Universitas Szegediensis de Attila József Nominata</subfield>
   <subfield code="b">Szeged</subfield>
   <subfield code="c">1987</subfield>
  </datafield>
  <datafield tag="300" ind1=" " ind2=" ">
   <subfield code="a">96 p.</subfield>
   <subfield code="c">24 cm</subfield>
  </datafield>
  <datafield tag="490" ind1="0" ind2=" ">
   <subfield code="a">Studia uralo-altaica</subfield>
   <subfield code="v">28</subfield>
  </datafield>
  <datafield tag="650" ind1=" " ind2="4">
   <subfield code="a">Bölcsészettudományok</subfield>
  </datafield>
  <datafield tag="650" ind1=" " ind2="4">
   <subfield code="a">Nyelvek és irodalom</subfield>
  </datafield>
  <datafield tag="695" ind1=" " ind2=" ">
   <subfield code="a">Finnugor nyelvek - szuffixum - tanulmányok</subfield>
  </datafield>
  <datafield tag="700" ind1="0" ind2="1">
   <subfield code="a">Vastag Júlia</subfield>
  </datafield>
  <datafield tag="856" ind1="4" ind2="0">
   <subfield code="u">http://acta.bibl.u-szeged.hu/38744/1/altaica_028.pdf</subfield>
   <subfield code="z">Dokumentum-elérés </subfield>
  </datafield>
 </record>
</collection>
